00932nam a2200229 a 450000100100000000500170001000800410002704000250006804100130009308200150010610000250012124000360014624500720018226000370025430000280029149000390031950000670035870000350042583000480046095201770050899900170068500004510420201002045900.0150202s1966 sp 000 0 spa d aDO-SdBNPbspacBNPHU17aspaheng axxxxbxxxx1 aAron, Raymond94044710aLa lutte de classes.lEspañol13aLa lucha de clases /cRaymond Aron ; traducción Antonio Valiente. aBarcelona :bSeix Barral,c1966. a292 p. :bil. ;c20 cm.1 aCiencias humanasabiblioteca breve aPerteneció a la biblioteca personal de Germán Emilio Ornes12aValiente, Antonio,etr.973124 0aCiencias humanas ;pbiblioteca breve973125 001050718MOaGRbGRcCTd2015-02-02iLF1l0oxxxx xxxxp45104-10r2020-06-25w2020-06-25y1zPerteneció a la biblioteca personal de Germán Emilio OrnesZNo se presta c44593d44593